RASHTRIYA PATHYACHARCHA KI ROOPREKHA-2005 BHARTIYA BHASHAON KA SHIKSHAN (Record no. 12478)
[ view plain ]
| 000 -LEADER | |
|---|---|
| fixed length control field | 00320nam a22001337a 4500 |
| 003 - CONTROL NUMBER IDENTIFIER | |
| control field | SGT |
| 082 ## - DEWEY DECIMAL CLASSIFICATION NUMBER | |
| Classification number | 370 |
| Item number | R12N |
| 100 ## - MAIN ENTRY--PERSONAL NAME | |
| Personal name | N.C.E.R.T. |
| 245 ## - TITLE STATEMENT | |
| Title | RASHTRIYA PATHYACHARCHA KI ROOPREKHA-2005 BHARTIYA BHASHAON KA SHIKSHAN |
| 260 ## - PUBLICATION, DISTRIBUTION, ETC. (IMPRINT) | |
| Place of publication, distribution, etc | NEW DELHI |
| Name of publisher, distributor, etc | NCERT |
| Year of Publication | 2012 |
| 300 ## - PAGE DESCRIPTION | |
| No. of Pages | 70 |
| 650 ## - SUBJECT ADDED ENTRY--TOPICAL TERM | |
| Topical term or geographic name as entry element | EDUCATION |
| 942 ## - ADDED ENTRY ELEMENTS (KOHA) | |
| Source of classification or shelving scheme | Dewey Decimal Classification |
| Koha item type | Books |
| Withdrawn status | Lost status | Source of classification or shelving scheme | Damaged status | Not for loan | Collection code | Home library | Current library | Shelving location | Date acquired | Vendor Name | Cost, normal purchase price | SGTU | Bill Number | Total Checkouts | Full call number | Accession No. (Barcode) | Date last seen | Date last borrowed | Bill Date | Koha item type |
|---|---|---|---|---|---|---|---|---|---|---|---|---|---|---|---|---|---|---|---|---|
| Dewey Decimal Classification | EDUCATION | SGT Engineering Library | SGT Engineering Library | Text Book | 15/07/2017 | INDIAN PUB | 40.00 | SGTU | 102 | 3 | 370 R12N | ED2780 | 04/04/2018 | 02/04/2018 | 22/11/2016 | Books | ||||
| Dewey Decimal Classification | EDUCATION | SGT Engineering Library | SGT Engineering Library | Text Book | 15/07/2017 | INDIAN PUB | 40.00 | SGTU | 102 | 2 | 370 R12N | ED2781 | 15/10/2018 | 09/10/2018 | 22/11/2016 | Books |